000 00285nam a22001337a 4500
008 170601b xxu||||| |||| 00| 0 eng d
020 _a9780375423499
041 _aeng
080 _a93
100 _a17
101 _aSHH
245 _aCHILDREN AT WAR
_cSINGER, P.W
942 _2udc
_cBK
999 _c15240
_d15240